South Eastern Kenya University

Library Online Public Access Catalogue


Till we meet again / (Record no. 12085)

MARC details
000 -LEADER
fixed length control field 00544cam a2200217 a 4500
001 - CONTROL NUMBER
control field 2909810
003 - CONTROL NUMBER IDENTIFIER
control field OSt
005 - DATE AND TIME OF LATEST TRANSACTION
control field 20160314125601.0
008 - FIXED-LENGTH DATA ELEMENTS--GENERAL INFORMATION
fixed length control field 880404s1988 nyu 000 1 eng
010 ## - LIBRARY OF CONGRESS CONTROL NUMBER
LC control number 88011857
020 ## - INTERNATIONAL STANDARD BOOK NUMBER
International Standard Book Number 0517570262 :
Terms of availability $19.95
040 ## - CATALOGING SOURCE
Original cataloging agency Seku
050 00 - LIBRARY OF CONGRESS CALL NUMBER
Classification number PS 3561
Item number .K7
100 1# - MAIN ENTRY--PERSONAL NAME
Personal name Krantz, Judith.
245 10 - TITLE STATEMENT
Title Till we meet again /
Statement of responsibility, etc. Judith Krantz.
260 ## - PUBLICATION, DISTRIBUTION, ETC. (IMPRINT)
Place of publication, distribution, etc. New York :
Name of publisher, distributor, etc. Crown,
Date of publication, distribution, etc. 1988.
300 ## - PHYSICAL DESCRIPTION
Extent 534 p. ;
Dimensions 24 cm.
650 #0 - SUBJECT ADDED ENTRY--TOPICAL TERM
Topical term or geographic name as entry element Women
General subdivision Fiction.
655 #7 - INDEX TERM--GENRE/FORM
Genre/form data or focus term Love stories.
Source of term gsafd
942 ## - ADDED ENTRY ELEMENTS (KOHA)
Source of classification or shelving scheme Library of Congress Classification
Koha item type General circulation
Holdings
Withdrawn status Lost status Source of classification or shelving scheme Damaged status Not for loan Home library Current library Shelving location Date acquired Source of acquisition Total Checkouts Full call number Barcode Date last seen Price effective from Koha item type Public note
    Library of Congress Classification     Mtito Andei Centre Library Mtito Andei Centre Library General Stacks 14/03/2016 Donation - Books for Africa   PS 3561 .K7 2016/015056 14/03/2016 14/03/2016 General circulation res
Kitui, Kenya.
+254736116989
library@seku.ac.ke